000 00628nam a22001937a 4500
003 MPLRDC
005 20220105061133.0
008 210129b ||||| |||| 00| 0 eng d
020 _a978-986-91927-1-2
082 _a418.94 OBE
100 _a克林特·欧伯 CLINTON OBER、史帝夫·辛纳屈 STEPHEN T. SINATRA、马丁·祖克 MARTIN ZUCKER
245 _a接地气
_c王亦穹 译
250 _a初版十四刷一次
260 _a台湾
_b地平线文化, 漫游者文化事业股份有限公司
_c2017
300 _b
520 _a新书上架 2018-03-01。
650 _a自然疗法
942 _cBK
_o418.94 OBE
999 _c69345
_d69335